Information Technology OpenOffice / LibreOffice/ (Record no. 196955)

MARC details
000 -LEADER
fixed length control field 00592nam a22001817a 4500
005 - DATE AND TIME OF LATEST TRANSACTION
control field 20231110161807.0
010 ## - LCCN (DPL NO)
LC control number ENG-137760
020 ## - INTERNATIONAL STANDARD BOOK NUMBER
International Standard Book Number 9789355575227
035 ## - SYSTEM CONTROL NUMBER
System control number EN-121291
037 ## - SOURCE OF ACQUISITION
Source of stock number/acquisition DBAD
082 ## - DEWEY DECIMAL CLASSIFICATION NUMBER
Classification number 600
100 ## - MAIN ENTRY--PERSONAL NAME
Personal name Sahoo, Reeta
245 ## - TITLE STATEMENT
Title Information Technology OpenOffice / LibreOffice/
Statement of responsibility, etc By Reeta Sahoo; Gagan Sahoo And Vandana Gupta
260 ## - PUBLICATION, DISTRIBUTION, ETC. (IMPRINT)
Place of publication, distribution, etc New Delhi
Name of publisher, distributor, etc New Saraswati House
Date of publication, distribution, etc 2023
270 ## - ADDRESS
Address 2nd floor ,MGM Tower , 19 , Ansari Road , Daryaganj,
City New Delhi
Postal code 110002
300 ## - PHYSICAL DESCRIPTION
Extent 345p.
Dimensions 23cm(Pbk)
942 ## - ADDED ENTRY ELEMENTS (KOHA)
Source of classification or shelving scheme Dewey Decimal Classification
Item type English Books
Classification part 600
Call number suffix SAH
Holdings
Withdrawn status Lost status Not for loan Collection code Home library Current library Date acquired Source of acquisition Cost, normal purchase price Full call number Barcode Copy number Cost, replacement price Koha item type
      Non-fiction Bawana Bawana 10/08/2023 DBAD/PUB 595.00 600 SAH EN-121290 1 595.00 English Books

© Delhi Public Library
Hit Counter
free hit counter